| 000 -CABECERA |
| Longitud fija campo de control |
00913nam a2200205 a 4500 |
| 001 - NÚMERO DE CONTROL |
| Número de control |
1140 |
| 003 - IDENTIFICADOR DEL NÚMERO DE CONTROL |
| Identificador del número de control |
CDMR |
| 005 - FECHA Y HORA DE LA ÚLTIMA TRANSACCIÓN |
| Fecha y hora de la última transacción |
20131018111834.0 |
| 008 - CÓDIGOS DE INFORMACIÓN DE LONGITUD FIJA |
| Códigos de información de longitud fija |
130130s2000||||sp |||||||||||||||||cat|d |
| 040 ## - FUENTE DE LA CATALOGACIÓN |
| Centro catalogador de origen |
CDMR |
| Lengua de catalogación |
cat |
| Centro transcriptor |
CPC LLEIDA |
| 245 04 - MENCIÓN DE TÍTULO |
| Título |
Els diaris del segle XX |
| Resto del título |
: col·lecció Josep Bosch Grau |
| Mención de responsabilidad, etc. |
[textos del catàleg, Josep Bosch i Grau] |
| 260 ## - PUBLICACIÓN, DISTRIBUCIÓN, ETC. (PIE DE IMPRENTA) |
| Lugar de publicación, distribución, etc. |
Barcelona |
| Nombre del editor, distribuidor, etc. |
Universitat Pompeu Fabra |
| 260 ## - PUBLICACIÓN, DISTRIBUCIÓN, ETC. (PIE DE IMPRENTA) |
| Nombre del editor, distribuidor, etc. |
Ajuntament de Barcelona |
| Fecha de publicación, distribución, etc. |
2000 |
| 300 ## - DESCRIPCIÓN FÍSICA |
| Extensión |
173 p. |
| Otras características físicas |
il. col. |
| 500 ## - NOTA GENERAL |
| Nota general |
Catàleg de l'exposició organitzada per l'Aula d'Història del Periodisme Diari de Barcelona (Universitat Pompeu Fabra - Ajuntament de Barcelona) i Biblioteca de la UPF, amb col·laboració d'El Periódico de Catalunya, celebrada al Pati de l'edifici Rambla, 1-30 juny del 2000. |
| 650 04 - PUNTO DE ACCESO ADICIONAL DE MATERIA - TÉRMINO DE MATERIA |
| 9 (RLIN) |
195 |
| Término de materia o nombre geográfico como elemento inicial |
Premsa |
| Subdivisión cronológica |
S. XX |
| Subdivisión geográfica |
Catalunya |
| 650 04 - PUNTO DE ACCESO ADICIONAL DE MATERIA - TÉRMINO DE MATERIA |
| 9 (RLIN) |
4133 |
| Término de materia o nombre geográfico como elemento inicial |
Diaris |
| Subdivisión de materia general |
Bibliografia |
| -- |
Catàlegs |
| 700 1# - PUNTO DE ACCESO ADICIONAL - NOMBRE DE PERSONA |
| 9 (RLIN) |
891 |
| Nombre de persona |
Bosch Grau,Josep |
| 942 ## - ENTRADA DE ELEMENTOS AGREGADOS (KOHA) |
| Koha [por defecto] tipo de item |
Monografies |
| Fuente de clasificaión o esquema |
|